000 00395nam a2200169Ia 4500
008 221030s9999 xx 000 0 und d
020 _a8120303482
041 _aEnglish
082 _a105.23
_bGot
100 _aW. H. Gothmann
245 0 _aDigital Electronics
_cby W. H. Gothmann
250 _a2nd
260 _bPHI
_aNew Delhi
_c2000
300 _a383
650 _aBE Computer
942 _cBK
999 _c2580
_d2580